Tutorial, distributed system design : initially presented at the First International Conference on Distributed Computing Systems, October 1-4, 1979, Huntsville, Alabama /

Bibliographic Details
Corporate Authors: International Conference on Distributed Computing Systems Huntsville, Ala., U.S. Army Ballistic Missile Defense Advanced Technology Center
Other Authors: Mariani, Michael P., Palmer, David F.
Format: Conference Proceeding Book
Language:English
Published: Long Beach, CA : New York : IEEE Computer Society ; Institute of Electrical and Electronics Engineers, [1979]
Subjects:

MARC

Tag First Indicator Second Indicator Subfields
LEADER 00000cam a2200000 i 4500
001 in00000048954
005 20151007075756.0
008 800310s1979 caua b 100 0 eng
010 |a  79089494  
035 |a (OCoLC)06143572 
035 |9 AAF3788AM 
040 |a DLC  |c DLC  |d UBA  |d OCL  |d UtOrBLW 
049 |a TXAM  |c [1196898] 
050 0 0 |a QA76.9 D5  |b  I57 1979a 
082 0 0 |a 001.64 
111 2 |a International Conference on Distributed Computing Systems  |n (1st :  |d 1979 :  |c Huntsville, Ala.) 
245 1 0 |a Tutorial, distributed system design :  |b initially presented at the First International Conference on Distributed Computing Systems, October 1-4, 1979, Huntsville, Alabama /  |c [edited by] Michael P. Mariani, David F. Palmer, ; [sponsored by US Army Ballistic Missile Defense Advanced Technology Center (BMDATC), Huntsville, Alabama]. 
264 1 |a Long Beach, CA :  |b IEEE Computer Society ;  |a New York :  |b Institute of Electrical and Electronics Engineers,  |c [1979] 
264 4 |c ©1979 
300 |a v, 409 pages :  |b illustrations ;  |c 28 cm. 
336 |a text  |b txt  |2 rdacontent 
337 |a unmediated  |b n  |2 rdamedia 
338 |a volume  |b nc  |2 rdacarrier 
500 |a "IEEE catalog number EHO 151-1." 
504 |a Includes bibliographies. 
650 0 |a Electronic data processing  |x Distributed processing  |v Congresses. 
650 0 |a System design  |v Congresses. 
650 7 |a Sistemas Operacionais (Computadores)  |2 larpcal 
700 1 |a Mariani, Michael P. 
700 1 |a Palmer, David F. 
710 2 |a U.S. Army Ballistic Missile Defense Advanced Technology Center. 
740 0 |a Distributed system design. 
999 |a MARS 
999 f f |s b8829117-6e66-3276-9638-fd6b82518b6c  |i 00fecba0-2a75-3026-96c9-d791732da5a1  |t 0 
952 f f |p ric  |a Texas A&M University  |b Rellis Campus  |c Joint Library Facility  |d Remote Storage  |t 0  |e QA76.9 D5 I57 1979a  |h Library of Congress classification  |i unmediated -- volume  |m A14805942717 
998 f f |a QA76.9 D5 I57 1979a  |t 0  |l Remote Storage